[Event "27th CRO-Cup"]
[Site "Mali Losinj"]
[Date "2018.05.17"]
[Round "2.141"]
[White "Rosic, Slavko S"]
[Black "Boban, Sten"]
[Result "1-0"]
[WhiteElo "2224"]
[BlackElo "2092"]
[PlyCount "115"]
[EventDate "2018.05.16"]

1. d4 d5 2. c4 e6 3. Nc3 Nf6 4. Nf3 Nbd7 5. Qc2 Be7 6. c5 O-O 7. b4 Re8 8. Bf4
Nh5 9. Bd2 c6 10. g3 a5 11. b5 e5 12. bxc6 bxc6 13. Na4 Bf6 14. Bc3 Qc7 15. Nb6
Nxb6 16. cxb6 Qxb6 17. dxe5 Be7 18. Bg2 Bb4 19. O-O Ba6 20. Bd4 Qb5 21. a3 Bf8
22. Rfe1 Rac8 23. Bh3 g6 24. Bxc8 Rxc8 25. Be3 c5 26. Rab1 Qc6 27. Rec1 Bc4 28.
Rb2 a4 29. Qb1 Qa8 30. Rb6 Bxe2 31. Ng5 d4 32. Qa2 c4 33. Bxd4 Bd3 34. Rd1 Be7
35. Rxd3 Bxg5 36. Rd1 Qf3 37. Qc2 Qxa3 38. e6 fxe6 39. Qe2 Qe7 40. Rxe6 Qf7 41.
Qg4 Rf8 42. Bc5 Nf6 43. Qxg5 Qxe6 44. Bxf8 Kxf8 45. Qc5+ Kg7 46. Qa7+ Kh6 47.
Qxa4 Ng4 48. Qb4 Ne5 49. Qf8+ Kh5 50. Qf4 g5 51. Qe4 Qe7 52. Rd5 Ng6 53. Qxc4
Qe1+ 54. Kg2 Ne5 55. Qd4 Ng4 56. h3 Nh6 57. Qh4+ Kg6 58. Rxg5+ 1-0

[Event "27th CRO-Cup"]
[Site "Mali Losinj"]
[Date "2018.05.17"]
[Round "2.142"]
[White "Zakic, Marko"]
[Black "Ljikar, Zoran"]
[Result "1/2-1/2"]
[WhiteElo "1901"]
[BlackElo "2193"]
[PlyCount "59"]
[EventDate "2018.05.16"]

1. e4 e5 2. Nf3 d6 3. d4 exd4 4. Nxd4 Nf6 5. Nc3 Be7 6. Bf4 O-O 7. Qd2 Nc6 8.
O-O-O a6 9. f3 Ne5 10. Be2 c5 11. Nf5 Bxf5 12. exf5 b5 13. Nd5 Nxd5 14. Qxd5
Bg5 15. g3 Bxf4+ 16. gxf4 Nc4 17. Bxc4 bxc4 18. Qxc4 Qf6 19. Rd5 Rab8 20. c3
Rb6 21. Rhd1 Rfb8 22. R1d2 Qh4 23. Qe4 h6 24. Rxd6 Rxd6 25. Rxd6 Qxh2 26. Rd2
Qg1+ 27. Rd1 Qh2 28. Rd2 Qg1+ 29. Rd1 Qh2 30. Rd2 1/2-1/2

[Event "27th CRO-Cup"]
[Site "Mali Losinj"]
[Date "2018.05.17"]
[Round "2.143"]
[White "Lesic, Krunoslav"]
[Black "Muraja, Zeljko"]
[Result "1-0"]
[WhiteElo "2068"]
[BlackElo "1722"]
[PlyCount "49"]
[EventDate "2018.05.16"]

1. e4 c5 2. Nf3 d5 3. exd5 Qxd5 4. Be2 Nf6 5. O-O b6 6. d4 Bb7 7. c4 Qd8 8. d5
g6 9. Qc2 Bg7 10. Nc3 O-O 11. Bf4 Nh5 12. Bg5 Nf6 13. h3 h6 14. Bf4 a6 15. Rad1
Nh7 16. h4 h5 17. Rfe1 Nd7 18. Rd2 Ndf6 19. Bd1 Bc8 20. Rde2 Re8 21. Ne5 Bf5
22. Qb3 e6 23. Nc6 Qd7 24. Qxb6 Bd3 25. Ne5 1-0

[Event "27th CRO-Cup"]
[Site "Mali Losinj"]
[Date "2018.05.17"]
[Round "2.144"]
[White "Matosevic, Miroslav"]
[Black "Egerc, Josip"]
[Result "0-1"]
[WhiteElo "1429"]
[BlackElo "2066"]
[PlyCount "68"]
[EventDate "2018.05.16"]

1. d4 e6 2. Nf3 d5 3. Bf4 Nd7 4. e3 c5 5. c3 Qb6 6. Qc2 Ngf6 7. h3 Ne4 8. Bd3
f5 9. Nbd2 Bd6 10. Ne5 Bxe5 11. dxe5 Nxd2 12. Qxd2 c4 13. Be2 O-O 14. O-O Nc5
15. Rab1 Qa5 16. Qd4 Nd7 17. a3 Nc5 18. Bd1 b6 19. Bc2 Bd7 20. Bg3 Ba4 21. Bxa4
Qxa4 22. Qd1 b5 23. h4 a5 24. h5 Rfb8 25. f4 Nd3 26. Bh4 Qxd1 27. Rfxd1 Kf7 28.
b4 axb4 29. axb4 Ra3 30. Ra1 Rba8 31. Rxa3 Rxa3 32. Kh2 h6 33. Kh3 Rxc3 34. Ra1
Nxf4+ 0-1

[Event "27th CRO-Cup"]
[Site "Mali Losinj"]
[Date "2018.05.17"]
[Round "3.12"]
[White "Pikula, Dejan"]
[Black "Kozul, Zdenko"]
[Result "1/2-1/2"]
[WhiteElo "2470"]
[BlackElo "2597"]
[PlyCount "39"]
[EventDate "2018.05.16"]

1. d4 Nf6 2. Bf4 b6 3. Nf3 Bb7 4. h3 d6 5. e3 Nbd7 6. Be2 c5 7. O-O g6 8. a4 a6
9. c3 Bg7 10. Qb3 O-O 11. Rd1 Rc8 12. d5 c4 13. Bxc4 Rc5 14. e4 Nxe4 15. Be3
Rc8 16. Be2 Nec5 17. Qa2 a5 18. Nd4 Nf6 19. Bf3 Qc7 20. Na3 1/2-1/2

[Event "27th CRO-Cup"]
[Site "Mali Losinj"]
[Date "2018.05.17"]
[Round "3.13"]
[White "Stevic, Hrvoje"]
[Black "Djurovic, Goran"]
[Result "1/2-1/2"]
[WhiteElo "2588"]
[BlackElo "2394"]
[PlyCount "45"]
[EventDate "2018.05.16"]

1. e4 c5 2. c3 d5 3. exd5 Qxd5 4. d4 Nc6 5. Nf3 cxd4 6. cxd4 e5 7. Nc3 Bb4 8.
Bd2 Bxc3 9. Bxc3 e4 10. Ne5 Nxe5 11. dxe5 Ne7 12. Qa4+ Bd7 13. Qa3 Qc6 14. Rc1
e3 15. fxe3 Qe4 16. Kf2 Bc6 17. Qb4 Qg6 18. Bd4 h5 19. Rg1 Qg5 20. Bb5 O-O 21.
Bxc6 Nxc6 22. Rxc6 bxc6 23. Rc1 1/2-1/2

[Event "27th CRO-Cup"]
[Site "Mali Losinj"]
[Date "2018.05.17"]
[Round "3.14"]
[White "Bukal, Vladimir Jr"]
[Black "Palac, Mladen"]
[Result "1/2-1/2"]
[WhiteElo "2388"]
[BlackElo "2548"]
[PlyCount "48"]
[EventDate "2018.05.16"]

1. d4 Nf6 2. Nf3 d5 3. Bg5 Ne4 4. Bh4 c5 5. e3 Qb6 6. Nc3 Nxc3 7. bxc3 Qb2 8.
Kd2 Nc6 9. Qb1 Qxb1 10. Rxb1 c4 11. e4 dxe4 12. Ng1 Na5 13. Re1 b6 14. Rxe4 Bb7
15. Re3 e6 16. Nf3 Be7 17. Bxe7 Kxe7 18. Be2 Rhd8 19. Ne5 Rac8 20. f4 f6 21.
Nf3 Kf7 22. g4 Bd5 23. Re1 Nb7 24. Nh4 Nd6 1/2-1/2

[Event "27th CRO-Cup"]
[Site "Mali Losinj"]
[Date "2018.05.17"]
[Round "3.21"]
[White "Saric, Ibro"]
[Black "Saric, Ivan"]
[Result "1/2-1/2"]
[WhiteElo "2554"]
[BlackElo "2685"]
[PlyCount "68"]
[EventDate "2018.05.16"]

1. d4 Nf6 2. c4 e6 3. Nf3 a6 4. Nc3 d5 5. cxd5 exd5 6. Bg5 Be6 7. e3 Nbd7 8.
Ne5 Be7 9. Nxd7 Nxd7 10. Bxe7 Qxe7 11. Bd3 O-O 12. O-O c6 13. Rc1 Rae8 14. Na4
f5 15. f4 Rf6 16. Re1 Bf7 17. Qb3 b5 18. Nc5 Nxc5 19. Rxc5 Rh6 20. Qc2 Rxh2 21.
Qf2 Rh6 22. Bxf5 Be6 23. Bd3 Bd7 24. e4 Bf5 25. Re3 Bxe4 26. Bxe4 dxe4 27. Re5
Qf7 28. R3xe4 Rxe5 29. dxe5 Qh5 30. Qd4 Qh1+ 31. Kf2 Qh4+ 32. Kg1 Qh1+ 33. Kf2
Qh4+ 34. Kg1 Qh1+ 1/2-1/2

[Event "27th CRO-Cup"]
[Site "Mali Losinj"]
[Date "2018.05.17"]
[Round "3.22"]
[White "Markus, Robert"]
[Black "Saric, Ante"]
[Result "1/2-1/2"]
[WhiteElo "2603"]
[BlackElo "2535"]
[PlyCount "29"]
[EventDate "2018.05.16"]

1. d4 Nf6 2. c4 e6 3. Nf3 d5 4. g3 Bb4+ 5. Bd2 Be7 6. Bg2 c6 7. Qc2 Nbd7 8. O-O
b6 9. Rd1 Bb7 10. Bf4 Rc8 11. Nbd2 c5 12. Rac1 cxd4 13. Qa4 O-O 14. cxd5 Nc5
15. Qxd4 1/2-1/2

[Event "27th CRO-Cup"]
[Site "Mali Losinj"]
[Date "2018.05.17"]
[Round "3.23"]
[White "Plenca, Julijan"]
[Black "Kuljasevic, Davorin"]
[Result "0-1"]
[WhiteElo "2413"]
[BlackElo "2534"]
[PlyCount "96"]
[EventDate "2018.05.16"]

1. e4 e5 2. f4 d5 3. exd5 exf4 4. Nf3 Nf6 5. Bc4 Nxd5 6. O-O Be6 7. Bb3 c5 8.
d4 cxd4 9. Nxd4 Bc5 10. Kh1 Bxd4 11. Qxd4 O-O 12. Bxd5 Nc6 13. Qxf4 Qxd5 14.
Nc3 Qc4 15. Be3 Qxf4 16. Rxf4 Rfd8 17. Nb5 Rac8 18. c3 Rd3 19. Bg1 a6 20. Nd4
Bd5 21. Nb3 Bxb3 22. axb3 Rd2 23. Rb1 Re8 24. Rf2 Red8 25. Re1 f6 26. Rfe2 Rxe2
27. Rxe2 Rd1 28. h3 Kf7 29. Kh2 h5 30. Bc5 h4 31. b4 g5 32. g3 hxg3+ 33. Kxg3
Rd3+ 34. Kg2 Ne5 35. Be3 Kg6 36. Bd4 Nc6 37. Bf2 Kf5 38. Bg3 Kg6 39. Be1 Kf7
40. Bd2 Ne7 41. Rf2 Kg6 42. c4 Nf5 43. Bc3 Ne3+ 44. Kh2 f5 45. c5 f4 46. Be5
Kf5 47. Bd6 Ke4 48. Kh1 Nf5 0-1

[Event "27th CRO-Cup"]
[Site "Mali Losinj"]
[Date "2018.05.17"]
[Round "3.24"]
[White "Plenca, Jadranko"]
[Black "Bobanac, Miro"]
[Result "1/2-1/2"]
[WhiteElo "2487"]
[BlackElo "2276"]
[PlyCount "95"]
[EventDate "2018.05.16"]

1. e4 c5 2. Nc3 e6 3. Nge2 a6 4. g3 b5 5. Bg2 Bb7 6. d4 cxd4 7. Nxd4 Nc6 8. O-O
Rc8 9. Nxc6 Bxc6 10. Re1 Bb4 11. Qd4 Bxc3 12. Qxc3 Nf6 13. Qa3 a5 14. Qd6 Qe7
15. Bf4 Nh5 16. Be5 Qxd6 17. Bxd6 g6 18. Rac1 f6 19. c4 b4 20. Re3 Kf7 21. a3
bxa3 22. Rxa3 a4 23. e5 Bb5 24. Rac3 Ba6 25. c5 Bb5 26. c6 dxc6 27. Bxc6 Bxc6
28. Rxc6 Rxc6 29. Rxc6 g5 30. Ra6 Rc8 31. Rxa4 Rc2 32. b4 Rb2 33. Ra7+ Kg6 34.
Rb7 f5 35. Re7 Ng7 36. Bc5 h5 37. Kf1 h4 38. gxh4 gxh4 39. Kg2 Rb3 40. f3 h3+
41. Kxh3 Rxf3+ 42. Kg2 Rb3 43. h4 f4 44. Kf2 Rc3 45. Ke2 Rb3 46. Kd2 f3 47. Kc2
Rxb4 48. h5+ 1/2-1/2

[Event "27th CRO-Cup"]
[Site "Mali Losinj"]
[Date "2018.05.17"]
[Round "3.31"]
[White "Lalic, Bogdan"]
[Black "Biti, Ozren"]
[Result "1/2-1/2"]
[WhiteElo "2396"]
[BlackElo "2362"]
[PlyCount "43"]
[EventDate "2018.05.16"]

1. d4 d6 2. Nf3 g6 3. c4 Bg7 4. e4 e5 5. Nc3 Nc6 6. Bg5 f6 7. Be3 Nh6 8. h3 Nf7
9. c5 dxc5 10. dxe5 fxe5 11. Bb5 Qxd1+ 12. Rxd1 Bd7 13. Bxc5 O-O-O 14. Bc4 Bf8
15. Be3 Nd6 16. Bd5 Re8 17. O-O b6 18. Rc1 Kb8 19. Rfd1 Nd8 20. Bb3 Bc6 21. Bg5
Be7 22. Bxe7 1/2-1/2

[Event "27th CRO-Cup"]
[Site "Mali Losinj"]
[Date "2018.05.17"]
[Round "3.32"]
[White "Medak, Bojan"]
[Black "Plenkovic, Zdenko"]
[Result "0-1"]
[WhiteElo "2380"]
[BlackElo "2403"]
[PlyCount "120"]
[EventDate "2018.05.16"]

1. Nf3 Nf6 2. c4 g6 3. b4 Bg7 4. Bb2 O-O 5. g3 Nc6 6. a3 d5 7. cxd5 Qxd5 8. Nc3
Qh5 9. h3 Ne4 10. Qc2 Ng5 11. Nxg5 Nd4 12. Qd3 Qxg5 13. Ne4 Qd5 14. Bg2 Qd8 15.
Rb1 c6 16. e3 Nf3+ 17. Ke2 Qxd3+ 18. Kxd3 f5 19. Bxf3 fxe4+ 20. Bxe4 Rxf2 21.
b5 Bf5 22. Bxf5 Rd8+ 23. Bd4 gxf5 24. bxc6 bxc6 25. Kc3 e5 26. Bxa7 Rfxd2 27.
a4 e4+ 28. Kc4 Rc2+ 29. Kb3 Rc3+ 30. Kb4 Ra8 31. Bb6 Rd3 32. a5 Bc3+ 33. Kc4
Bxa5 34. Ra1 Rc3+ 35. Kd4 Ra3 36. Bxa5 R3xa5 37. Rxa5 Rxa5 38. g4 Rd5+ 39. Kc4
Kf7 40. gxf5 Kf6 41. Rg1 Rd3 42. Rg3 Kxf5 43. Kc5 Rc3+ 44. Kd4 Rc1 45. Rg7 Rd1+
46. Kc5 Re1 47. Kd4 c5+ 48. Kxc5 Rxe3 49. Rxh7 Rd3 50. h4 e3 51. h5 Ke4 52. h6
Rd8 53. Re7+ Kd3 54. h7 e2 55. Kc6 Rc8+ 56. Kd7 Rf8 57. Kc6 Kd2 58. Rd7+ Ke3
59. Rf7 Rc8+ 60. Rc7 Re8 0-1

[Event "27th CRO-Cup"]
[Site "Mali Losinj"]
[Date "2018.05.17"]
[Round "3.33"]
[White "Loncar, Robert"]
[Black "Filipovic, Marko"]
[Result "1/2-1/2"]
[WhiteElo "2412"]
[BlackElo "2327"]
[PlyCount "94"]
[EventDate "2018.05.16"]

1. d4 Nf6 2. c4 c5 3. d5 b5 4. Qc2 bxc4 5. e4 e6 6. Bxc4 exd5 7. exd5 d6 8. Nf3
Be7 9. O-O O-O 10. h3 Na6 11. Nc3 Nc7 12. Bf4 Bb7 13. Rad1 Re8 14. Rfe1 Bf8 15.
Rxe8 Qxe8 16. Bg5 Nd7 17. Re1 Qc8 18. Be7 h6 19. Qe4 Ba6 20. Bb3 Ne8 21. Bc2
Nef6 22. Qf4 Qc7 23. Nh4 Re8 24. Nf5 Bxe7 25. Rxe7 Rxe7 26. Nxe7+ Kf8 27. Nf5
Nb6 28. Be4 Nxe4 29. Qxe4 Bc8 30. Nb5 Bxf5 31. Qxf5 Qe7 32. Kf1 g6 33. Qf4 Kg7
34. Qxd6 Qxd6 35. Nxd6 Nxd5 36. g3 Kf8 37. Ke2 Nb6 38. Kd3 Ke7 39. Nc4 Nd7 40.
Ke4 Ke6 41. Ne3 f5+ 42. Kd3 Nb6 43. b3 a6 44. a4 Nd5 45. Nc4 Nb4+ 46. Ke3 Nc2+
47. Kd3 Nb4+ 1/2-1/2

[Event "27th CRO-Cup"]
[Site "Mali Losinj"]
[Date "2018.05.17"]
[Round "3.34"]
[White "Vargic, Drago"]
[Black "Sale, Srdjan"]
[Result "0-1"]
[WhiteElo "2283"]
[BlackElo "2430"]
[PlyCount "126"]
[EventDate "2018.05.16"]

1. e4 c5 2. Nc3 d6 3. g3 Nc6 4. Bg2 g6 5. d3 Bg7 6. Be3 Nd4 7. Qd2 Qa5 8. f4 e6
9. Nf3 Ne7 10. O-O Nec6 11. Nh4 f5 12. Kh1 O-O 13. Rfe1 Bd7 14. a3 Qb6 15. Rab1
a5 16. Nd1 a4 17. Bg1 Qc7 18. Ne3 b5 19. c3 Nb3 20. Qe2 Rab8 21. exf5 gxf5 22.
g4 fxg4 23. Qxg4 Ne7 24. Re2 Rf6 25. Rf1 Rbf8 26. Qg5 Kh8 27. Ng4 h6 28. Qh5
Be8 29. Nxf6 Bxh5 30. Nxh5 Bf6 31. Bf2 Bxh4 32. Bxh4 Nf5 33. Bf6+ Rxf6 34. Nxf6
Qf7 35. Ne4 d5 36. Nd2 Ng3+ 37. hxg3 Qh5+ 38. Kg1 Qxe2 39. Rf2 Qd1+ 40. Nf1
Qxd3 41. Bh3 Qe4 42. Bg4 Nc1 43. Bf3 Qg6 44. Kh2 Kg7 45. Ne3 Nd3 46. Re2 h5 47.
Ng2 c4 48. Nh4 Qf6 49. f5 exf5 50. Bxd5 f4 51. Re7+ Kf8 52. Rf7+ Qxf7 53. Bxf7
Kxf7 54. Nf5 fxg3+ 55. Kxg3 Nxb2 56. Nd4 Kf6 57. Nxb5 Ke5 58. Kh4 Ke4 59. Kxh5
Kd3 60. Kg4 Nd1 61. Kf3 Nxc3 62. Nd6 Nb1 63. Nb5 c3 0-1

[Event "27th CRO-Cup"]
[Site "Mali Losinj"]
[Date "2018.05.17"]
[Round "3.41"]
[White "Bosiocic, Marin"]
[Black "Fercec, Nenad"]
[Result "1-0"]
[WhiteElo "2597"]
[BlackElo "2451"]
[PlyCount "149"]
[EventDate "2018.05.16"]

1. Nf3 g6 2. d4 Bg7 3. e4 d6 4. Bc4 e6 5. Bb3 Ne7 6. c3 Nd7 7. Nbd2 Nf6 8. O-O
O-O 9. Re1 b6 10. Nf1 Bb7 11. Ng3 c5 12. Bf4 cxd4 13. cxd4 Rc8 14. Qd2 Nc6 15.
Bg5 e5 16. h4 h5 17. Bd5 Qe7 18. Rad1 Rfe8 19. dxe5 dxe5 20. Re3 Qf8 21. Bxf6
Bxf6 22. Ng5 Bxg5 23. hxg5 Red8 24. Rf3 Kg7 25. Qe3 Rd7 26. Ne2 Qc5 27. Qxc5
bxc5 28. Ra3 Rcd8 29. Nc3 Ba8 30. Na4 Nd4 31. Nxc5 Rc7 32. b4 Bxd5 33. exd5
Rxd5 34. Kf1 Rd6 35. Re3 a5 36. Ne4 Rdc6 37. bxa5 Rc1 38. Rxc1 Rxc1+ 39. Re1
Rc2 40. a4 Rc4 41. a6 Nc6 42. a5 Ra4 43. Rc1 Nd4 44. g3 Rxa5 45. Nc5 Kf8 46.
Rc4 Ke7 47. Ra4 Rxc5 48. a7 Rc8 49. a8=Q Rxa8 50. Rxa8 Nf3 51. Ra5 Ke6 52. Ke2
Nxg5 53. f4 Nh7 54. Rxe5+ Kf6 55. Kf3 Nf8 56. Ra5 Ne6 57. Ke4 Ng7 58. Ra6+ Ne6
59. Rb6 Kg7 60. f5 Ng5+ 61. Kf4 Nh7 62. Ra6 Nf6 63. Ra7 gxf5 64. Kxf5 Nh7 65.
Ra6 Nf8 66. Kg5 Ne6+ 67. Kxh5 Nf8 68. Kg5 Ne6+ 69. Kf5 Nd4+ 70. Ke5 Nf3+ 71.
Ke4 Ng5+ 72. Kf5 Ne6 73. Ra4 Nf8 74. Rg4+ Ng6 75. Rg5 1-0

[Event "27th CRO-Cup"]
[Site "Mali Losinj"]
[Date "2018.05.17"]
[Round "3.42"]
[White "Zufic, Miroslav"]
[Black "Tica, Sven"]
[Result "1-0"]
[WhiteElo "2374"]
[BlackElo "2444"]
[PlyCount "43"]
[EventDate "2018.05.16"]

1. e4 c6 2. d4 d5 3. Nc3 dxe4 4. Nxe4 Nf6 5. Nxf6+ exf6 6. c3 Bd6 7. Bd3 O-O 8.
Qc2 Re8+ 9. Ne2 h5 10. Be3 Nd7 11. O-O-O Nb6 12. c4 Bc7 13. Ng3 Be6 14. Rde1 h4
15. Nf5 Bxf5 16. Bxf5 Qe7 17. g3 Rad8 18. a3 g6 19. gxh4 Nxc4 20. Qxc4 gxf5 21.
Rhg1+ Kh7 22. Qe2 1-0

[Event "27th CRO-Cup"]
[Site "Mali Losinj"]
[Date "2018.05.17"]
[Round "3.43"]
[White "Petrov, Jole"]
[Black "Krsnik Cohar, Ivan Vihor"]
[Result "1/2-1/2"]
[WhiteElo "2408"]
[BlackElo "2321"]
[PlyCount "147"]
[EventDate "2018.05.16"]

1. c4 e5 2. g3 Nc6 3. Bg2 f5 4. Nc3 Nf6 5. d3 Bb4 6. Nf3 O-O 7. O-O Bxc3 8.
bxc3 d6 9. Rb1 Qe8 10. Ne1 Rb8 11. Nc2 Bd7 12. f4 Qg6 13. Ne3 exf4 14. gxf4 Ne7
15. Kh1 Qh6 16. Nd5 Nexd5 17. cxd5 Rfe8 18. h3 Re7 19. e3 b6 20. Qf3 Rbe8 21.
Bd2 Ba4 22. Rbc1 Bd7 23. c4 Ng4 24. Rfe1 Qh4 25. Kg1 Nf6 26. Bc3 a5 27. Bd4 Kf7
28. Re2 g5 29. fxg5 Qxg5 30. Rf1 Nh5 31. Kh2 Rg8 32. Rff2 Qh4 33. Rd2 Rg3 34.
Qd1 Ke8 35. Qf1 f4 36. exf4 Rxh3+ 37. Bxh3 Qg3+ 38. Kh1 Bxh3 39. Qg1 Qh4 40.
Qg5 Ng3+ 41. Kh2 Nf1+ 42. Rxf1 Qxg5 43. fxg5 Bxf1 44. Kg3 Kd7 45. Bf6 Re3+ 46.
Kf4 Rxd3 47. Rh2 Rh3 48. Rxh3 Bxh3 49. Ke4 Bf1 50. Kd4 Be2 51. a3 b5 52. cxb5
Bxb5 53. Bg7 Kc8 54. Bf6 Be8 55. Be7 Bf7 56. Bf6 Kb7 57. Be7 Kb6 58. Bf6 Kb7
59. Be7 Kc8 60. Bf6 Kd7 61. Bg7 c6 62. dxc6+ Kxc6 63. Bf8 Bg6 64. Be7 d5 65.
Bd8 a4 66. Ba5 Be4 67. Bb4 Kd7 68. Bd2 Ke6 69. Bc1 Kf5 70. Bd2 Kg4 71. Bc1 Kf3
72. Bd2 Kf2 73. Bc1 Ke2 74. Bf4 1/2-1/2

[Event "27th CRO-Cup"]
[Site "Mali Losinj"]
[Date "2018.05.17"]
[Round "3.44"]
[White "Franic, Milan"]
[Black "Zelenika, Srdjan"]
[Result "1-0"]
[WhiteElo "2374"]
[BlackElo "2218"]
[PlyCount "103"]
[EventDate "2018.05.16"]

1. d4 Nf6 2. c4 g6 3. Nc3 Bg7 4. e4 d6 5. Nf3 O-O 6. Be2 e5 7. O-O Na6 8. Re1
Qe8 9. Bf1 Bg4 10. d5 Nc5 11. b4 Na6 12. Rb1 c5 13. a3 Bd7 14. g3 Nh5 15. Bd2
h6 16. Rb3 Kh7 17. Nh4 Qe7 18. Ng2 b6 19. Bd3 Nf6 20. Rb1 Nc7 21. Bc2 cxb4 22.
axb4 a5 23. Ba4 Na6 24. bxa5 bxa5 25. Be3 Rfb8 26. Bb5 Nb4 27. Qe2 Bf8 28. f3
Qd8 29. Ra1 Be7 30. Ra3 Qc8 31. Rea1 Bd8 32. Ne1 Qb7 33. Bxd7 Nxd7 34. Nb5 Qa6
35. Kg2 Bb6 36. Bd2 Bc5 37. Nc7 Qb6 38. Nxa8 Rxa8 39. Rb3 Bd4 40. Rxb4 axb4 41.
Rxa8 b3 42. Bc1 b2 43. Bxb2 Bxb2 44. Nd3 Bd4 45. Qa2 Kg7 46. Ra6 Qb8 47. Ra5 h5
48. Rb5 Qc8 49. Nb4 Nc5 50. Nc6 Be3 51. Rb8 Qc7 52. Qa8 1-0

[Event "27th CRO-Cup"]
[Site "Mali Losinj"]
[Date "2018.05.17"]
[Round "3.51"]
[White "Feletar, Darko"]
[Black "Sprenger, Jan Michael"]
[Result "1/2-1/2"]
[WhiteElo "2365"]
[BlackElo "2496"]
[PlyCount "57"]
[EventDate "2018.05.16"]

1. e4 c5 2. Nf3 e6 3. d4 cxd4 4. Nxd4 a6 5. Bd3 Bc5 6. Nb3 Ba7 7. Qe2 Nc6 8.
Be3 d6 9. O-O Nf6 10. Bxa7 Rxa7 11. c4 O-O 12. Nc3 e5 13. Qe3 Ng4 14. Qg3 h5
15. h3 h4 16. Qf3 Nf6 17. Be2 Nh7 18. Rad1 Ng5 19. Qd3 Ne6 20. Bg4 Qg5 21. Bxe6
Bxe6 22. Nd5 Raa8 23. Qe3 Qxe3 24. Nxe3 Rfd8 25. Rd2 Rd7 26. Rfd1 Rad8 27. Nd5
Bxd5 28. cxd5 Ne7 29. Rc2 1/2-1/2

[Event "27th CRO-Cup"]
[Site "Mali Losinj"]
[Date "2018.05.17"]
[Round "3.52"]
[White "Muha, Miljenko"]
[Black "Vitic, Ivan"]
[Result "1-0"]
[WhiteElo "2384"]
[BlackElo "2275"]
[PlyCount "77"]
[EventDate "2018.05.16"]

1. d4 Nf6 2. Bg5 Ne4 3. Bf4 c5 4. f3 Qa5+ 5. c3 Nf6 6. d5 d6 7. e4 Nbd7 8. Nd2
Nh5 9. Be3 g6 10. Ne2 Bg7 11. g4 Nhf6 12. g5 Nh5 13. Ng3 Nxg3 14. hxg3 b5 15.
a4 b4 16. Nc4 Qd8 17. cxb4 cxb4 18. f4 h6 19. Bd4 f6 20. gxh6 Rxh6 21. Rxh6
Bxh6 22. Bd3 Kf7 23. Qf3 Nc5 24. Bxc5 dxc5 25. O-O-O Kg7 26. e5 Qe8 27. d6 Be6
28. dxe7 Rb8 29. exf6+ Kxf6 30. Qe4 Kxe7 31. Re1 Qg8 32. Ne5 Rb6 33. Nxg6+ Kd7
34. a5 Rb8 35. Rd1 Kc7 36. Qe5+ Kb7 37. Be4+ Ka6 38. Rd6+ Kxa5 39. Qxc5+ 1-0

[Event "27th CRO-Cup"]
[Site "Mali Losinj"]
[Date "2018.05.17"]
[Round "3.53"]
[White "Susnjar, Miroslav"]
[Black "Doric, Darko"]
[Result "0-1"]
[WhiteElo "2154"]
[BlackElo "2463"]
[PlyCount "94"]
[EventDate "2018.05.16"]

1. d4 d5 2. c4 e6 3. Nf3 c6 4. g3 dxc4 5. Bg2 b5 6. a4 Bb7 7. Ne5 a6 8. O-O Nf6
9. Na3 Qb6 10. e4 Be7 11. Be3 c5 12. d5 exd5 13. exd5 Bd6 14. Bf4 Bxe5 15. Bxe5
O-O 16. Bxf6 Qxf6 17. axb5 axb5 18. Nxb5 Qxb2 19. Rb1 Qf6 20. Qc2 Nd7 21. Rfe1
Rfc8 22. Qc3 Rd8 23. Qxc4 Ba6 24. Qc3 Rab8 25. Qxf6 Nxf6 26. Nc7 Rxb1 27. Rxb1
Bd3 28. Rd1 c4 29. Bf1 Rd7 30. Bxd3 cxd3 31. Nb5 Rxd5 32. Nc3 Rd4 33. f3 Nd7
34. Kf2 Ne5 35. Ke3 Rd7 36. Ne4 Nc4+ 37. Kf2 Nb2 38. Rd2 Rc7 39. g4 f6 40. h4
Kf8 41. h5 Ke7 42. Kg3 Rc2 43. f4 Ke6 44. Kf3 h6 45. Rf2 Kd5 46. Nd2 Nc4 47.
Nb3 d2 0-1

[Event "27th CRO-Cup"]
[Site "Mali Losinj"]
[Date "2018.05.17"]
[Round "3.54"]
[White "Krnic, Ivan"]
[Black "Drmic, Bozo"]
[Result "1-0"]
[WhiteElo "2114"]
[BlackElo "2028"]
[PlyCount "65"]
[EventDate "2018.05.16"]

1. e4 c5 2. Nc3 a6 3. g3 Nc6 4. Bg2 g6 5. d3 Bg7 6. Be3 d6 7. Qd2 Bd7 8. Nge2
Rb8 9. O-O e5 10. f4 Nge7 11. fxe5 Nxe5 12. Bg5 h6 13. Bxe7 Qxe7 14. Nd5 Qd8
15. c3 O-O 16. b3 b5 17. d4 cxd4 18. cxd4 Nc6 19. Rac1 Rc8 20. h3 Be6 21. Ndf4
Qb6 22. Rcd1 a5 23. Kh2 Nb4 24. Rc1 Rxc1 25. Rxc1 Rc8 26. Nxe6 Rxc1 27. Qxc1
fxe6 28. Qc8+ Kh7 29. Qxe6 Nc2 30. Nf4 Nxd4 31. Qxg6+ Kh8 32. Qe8+ Kh7 33. e5
1-0

[Event "27th CRO-Cup"]
[Site "Mali Losinj"]
[Date "2018.05.17"]
[Round "3.61"]
[White "Nemeth, Miklos"]
[Black "Popovic, Bozidar"]
[Result "1-0"]
[WhiteElo "2491"]
[BlackElo "2231"]
[PlyCount "61"]
[EventDate "2018.05.16"]

1. e4 d6 2. d4 Nf6 3. Bd3 e5 4. c3 Be7 5. Ne2 O-O 6. O-O Nh5 7. f4 exf4 8. Nxf4
Nxf4 9. Bxf4 c5 10. Nd2 Bf6 11. Nc4 d5 12. exd5 cxd4 13. Nd6 dxc3 14. bxc3 Nd7
15. Rb1 g6 16. Qe1 Nc5 17. Bc2 Be7 18. Nb5 Bd7 19. Bc7 Qe8 20. Nd6 Bxd6 21.
Bxd6 Qxe1 22. Rbxe1 Rfc8 23. Re7 Be8 24. Rxe8+ Rxe8 25. Bxc5 Re5 26. Bb3 b5 27.
Bd4 Re7 28. d6 Rd7 29. Bd5 Rc8 30. Rxf7 Rxf7 31. Bf6 1-0

[Event "27th CRO-Cup"]
[Site "Mali Losinj"]
[Date "2018.05.17"]
[Round "3.62"]
[White "Basrak, Srdjan"]
[Black "Krstic, Uros"]
[Result "1/2-1/2"]
[WhiteElo "2245"]
[BlackElo "2377"]
[PlyCount "49"]
[EventDate "2018.05.16"]

1. e4 c6 2. d4 d5 3. e5 c5 4. c3 Nc6 5. Nf3 Bg4 6. Be2 e6 7. Nbd2 cxd4 8. Nxd4
Bxe2 9. Qxe2 Nxd4 10. cxd4 Qb6 11. O-O Ne7 12. Nf3 Nc6 13. Be3 Be7 14. h4 a5
15. h5 h6 16. a4 Qa6 17. Qd2 Rc8 18. Rfc1 Kd7 19. g4 Nb4 20. Ne1 Rxc1 21. Rxc1
Na2 22. Ra1 Nb4 23. Rc1 Na2 24. Ra1 Nb4 25. Rc1 1/2-1/2

[Event "27th CRO-Cup"]
[Site "Mali Losinj"]
[Date "2018.05.17"]
[Round "3.63"]
[White "Trbojevic, Mladen"]
[Black "Huis, Dinko"]
[Result "1-0"]
[WhiteElo "2343"]
[BlackElo "2158"]
[PlyCount "71"]
[EventDate "2018.05.16"]

1. e4 c5 2. Nf3 e6 3. c3 d5 4. exd5 exd5 5. d4 Nf6 6. Bg5 c4 7. b3 cxb3 8. axb3
Be7 9. Bd3 O-O 10. O-O Bg4 11. Nbd2 Nc6 12. Qb1 h6 13. Bh4 Nd7 14. Bxe7 Qxe7
15. Bh7+ Kh8 16. Bf5 Bxf5 17. Qxf5 Qd6 18. Rfe1 g6 19. Qd3 a5 20. Ne5 Ndxe5 21.
dxe5 Nxe5 22. Qd4 f6 23. Ne4 Qc6 24. Ng3 Qb5 25. Rad1 Qxb3 26. f4 Nc6 27. Qd3
f5 28. Re6 d4 29. Rxg6 Qxc3 30. Qb5 Qe3+ 31. Kh1 Rae8 32. Qxb7 Ne7 33. Rxh6+
Kg7 34. Rh3 Qf2 35. Qc7 Rg8 36. Qe5+ 1-0

[Event "27th CRO-Cup"]
[Site "Mali Losinj"]
[Date "2018.05.17"]
[Round "3.64"]
[White "Bojanic, Borislav"]
[Black "Horvat, David"]
[Result "0-1"]
[WhiteElo "1914"]
[BlackElo "2191"]
[PlyCount "126"]
[EventDate "2018.05.16"]

1. d4 Nf6 2. c4 g6 3. Nc3 Bg7 4. e4 d6 5. Be2 O-O 6. Bg5 c5 7. d5 a6 8. Qc2 Qa5
9. Bd2 Qc7 10. h4 h5 11. f3 Nbd7 12. Nh3 Ne5 13. Nf2 b5 14. b3 Rb8 15. Rc1 bxc4
16. bxc4 Bd7 17. O-O Rb4 18. Rb1 Nxc4 19. Rxb4 Nxd2 20. Nb1 Nxf1 21. Bxf1 Qa7
22. Rb2 Ne8 23. Nc3 Nc7 24. Bc4 Nb5 25. Nfd1 Bf6 26. g3 Nd4 27. Qd3 Bb5 28. Kg2
Bxc4 29. Qxc4 Rb8 30. Rxb8+ Qxb8 31. Qxa6 Kg7 32. Qc4 Qb4 33. Qd3 c4 34. Qb1
Qa3 35. f4 Qa7 36. a4 Nb3 37. Qa2 Qc5 38. Qc2 Qb4 39. Kh3 Qc5 40. Kg2 Qb4 41.
Kh3 Nc5 42. g4 Nd3 43. Ne2 hxg4+ 44. Kxg4 Qe1 45. Ng3 Qxd1+ 46. Qxd1 Nf2+ 47.
Kf3 Nxd1 48. h5 Bd4 49. hxg6 fxg6 50. Ne2 Bb6 51. e5 c3 52. Ke4 Nf2+ 53. Kf3 c2
54. a5 Bxa5 55. Kxf2 Bd2 56. Kf3 c1=Q 57. Nxc1 Bxc1 58. Ke4 Bb2 59. exd6 exd6
60. Kf3 Kf6 61. Kg4 Bc1 62. Kg3 Kf5 63. Kf3 Bxf4 0-1